MARC

LEADER 00000nlm0a2200000 4500
001 666826
005 20231102030855.0
035 |a (RuTPU)RU\TPU\network\38030 
035 |a RU\TPU\network\36700 
090 |a 666826 
100 |a 20220128d2017 m y0rusy50 ca 
101 0 |a rus 
102 |a RU 
105 |a a j 000zy 
135 |a jrcn ---uucaa 
181 0 |a i  
182 0 |a b 
200 1 |a Физика 1.4  |e электронный курс  |f Е. П. Теслева  |g Национальный исследовательский Томский политехнический университет, Юргинский технологический институт (филиал), Кафедра естественного научного образования 
203 |a Текст  |c электронный 
210 |a Томск  |c TPU Moodle  |d 2017 
230 |a Электрон. дан. 
300 |a Заглавие с экрана 
327 0 |a В курсе «Физика 1.4» рассматривается первая часть основных вопросов общей физики, структурированных в три модуля. Модуль 1. Механика Модуль 2. Молекулярная физика и термодинамика Модуль 3. Электростатика. Знания, полученные в курсе «Физика 1.4» обеспечивают фундаментальную физическую подготовку, позволяющую будущим бакалаврам ориентироваться в научно-технической информации, использовать физические принципы и законы, результаты физических открытий для решения практических задач в своей профессиональной деятельности. Особое внимание уделяется формированию практических умений и навыков, которые формируются на практических и лабораторных работах. Это позволит лучше усвоить материал дисциплин профессионального цикла, сформировать компетенции и компетентности, определяющие конкурентоспособность бакалавров. 
333 |a Доступ по логину и паролю 
606 1 |a Физика  |2 stltpush  |3 (RuTPU)RU\TPU\subj\63709  |9 80688 
610 1 |a электронный ресурс 
610 1 |a труды учёных ТПУ 
610 1 |a электронное обучение 
610 1 |a электронные курсы ТПУ 
610 1 |a электронные учебные пособия 
610 1 |a учебные пособия 
610 1 |a электронные образовательные ресурсы 
610 1 |a общая физика 
610 1 |a кинематика 
610 1 |a динамика 
610 1 |a молекулярная физика 
610 1 |a термодинамика 
610 1 |a электростатика 
675 |a 53(075.8)  |v 3 
700 1 |a Теслева  |b Е. П.  |c физик  |c доцент Юргинского технологического института (филиала) Томского политехнического университета, кандидат физико-математических наук  |f 1976-  |g Елена Павловна  |2 stltpush  |3 (RuTPU)RU\TPU\pers\25111  |9 11214 
712 0 2 |a Национальный исследовательский Томский политехнический университет  |b Юргинский технологический институт (филиал)  |b Кафедра естественного научного образования  |h 7134  |2 stltpush  |3 (RuTPU)RU\TPU\col\18894 
801 2 |a RU  |b 63413507  |c 20220627  |g RCR 
856 4 |u https://design.lms.tpu.ru/course/view.php?id=537 
942 |c CF